Phát huy truyền thống đoàn kết toàn dân; khai thác có hiệu quả các nguồn lực; đẩy mạnh công nghiệp hoá hiện đại hóa nông ngư nghiệp và nông thôn; nâng cao đời sống nhân dân; giữ vững ổn định..
Đã lưu trong:
| Hovedforfatter: | |
|---|---|
| Format: | Bog |
| Sprog: | Undetermined |
| Udgivet: |
Tỉnh uỷ Trà Vinh
2000
|
| Fag: | |
| Tags: |
Tilføj Tag
Ingen Tags, Vær først til at tagge denne postø!
|
| Thư viện lưu trữ: | Trung tâm Học liệu Trường Đại học Cần Thơ |
|---|
| LEADER | 00748nam a2200169Ia 4500 | ||
|---|---|---|---|
| 001 | CTU_52762 | ||
| 008 | 210402s9999 xx 000 0 und d | ||
| 082 | |a 324.2579075 | ||
| 082 | |b T312 | ||
| 100 | |a Tỉnh uỷ Trà Vinh | ||
| 245 | 0 | |a Phát huy truyền thống đoàn kết toàn dân; khai thác có hiệu quả các nguồn lực; đẩy mạnh công nghiệp hoá hiện đại hóa nông ngư nghiệp và nông thôn; nâng cao đời sống nhân dân; giữ vững ổn định.. | |
| 245 | 0 | |c Tỉnh uỷ Trà Vinh | |
| 260 | |b Tỉnh uỷ Trà Vinh | ||
| 260 | |c 2000 | ||
| 650 | |a commuinist parties | ||
| 650 | |z vietnam | ||
| 980 | |a Trung tâm Học liệu Trường Đại học Cần Thơ | ||